| 000 | 01352nam a2200361 a 4500 | ||
|---|---|---|---|
| 001 | ebr10210702 | ||
| 003 | CaPaEBR | ||
| 006 | m u | ||
| 007 | cr cn||||||||| | ||
| 008 | 061109s2004 enk s 000 0 eng | ||
| 010 | _z 2006491684 | ||
| 015 | _aGBA3-T4782 | ||
| 020 | _z9781847650115 | ||
| 020 | _z1861975805 | ||
| 040 |
_aCaPaEBR _cCaPaEBR |
||
| 035 | _a(OCoLC)567928207 | ||
| 050 | 1 | 4 |
_aHB62 _b.B57 2004eb |
| 082 | 0 | 4 |
_a330.03 _221 |
| 100 | 1 |
_aBishop, Matthew, _d1964- |
|
| 245 | 1 | 0 |
_aEssential economics _h[electronic resource] / _cMatthew Bishop. |
| 260 |
_aLondon : _bEconomist in Association with Profile Books, _cc2004. |
||
| 300 | _avi, 282 p. | ||
| 490 | 1 | _aEconomist books | |
| 500 | _a"Developed from a title previously published as Pocket economist"--T.p. verso. | ||
| 533 |
_aElectronic reproduction. _bPalo Alto, Calif. : _cebrary, _d2013. _nAvailable via World Wide Web. _nAccess may be limited to ebrary affiliated libraries. |
||
| 650 | 0 |
_aEconomics _vTerminology. |
|
| 650 | 0 |
_aEconomics _xLanguage. |
|
| 655 | 7 |
_aElectronic books. _2local |
|
| 700 | 1 |
_aBishop, Matthew, _d1964- _tPocket economist. |
|
| 710 | 2 | _aebrary, Inc. | |
| 830 | 0 | _aEconomist books (Series) | |
| 856 | 4 | 0 |
_uhttp://site.ebrary.com/lib/rucke/Doc?id=10210702 _zAn electronic book accessible through the World Wide Web; click to view |
| 999 |
_c125001 _d125001 |
||